000
00409nam a2200145Ia 4500
008
230718s9999 xx 000 0 und d
041
_a
Eng.
082
_a
551.43
_b
مجا-پ
100
_a
مجازی، ڈاکٹر سکیس علی
245
0
_a
پاکستان دین میں مسلم سمارت
260
_a
Pakistan
_b
راستی رنگ نیلا گند
_c
2001
300
_a
160
650
_a
Law
999
_c
28785
_d
28785